000 00821nas a2200241 4500
001 BR2014004366
003 BR-BrBNA
005 20231205124231.0
007 ta
008 230509b bl.|||p| |||| 00| 00por d
040 _aBR-BrBNA
_bpor
_cBiblioteca Nacional de Agricultura
041 _a(En)
072 _aP32
100 1 _aNeufeldt, H.
245 1 _aGeoecological drivers of cerrado heterogeneity and 13C natural abundance in oxisols after land-use change
650 _aGÊNESE DO SOLO
650 _aFERTILIDADE DO SOLO
650 _aMANEJO DO SOLO
773 0 _tRevista Brasileira de Ciência do Solo (Brazil)
_xISSN 0100-0683
_g(Sep-Oct 2006), v. 30(5) p. 891-900
_wBR2014004366
856 4 0 _uhttp://www.scielo.br/pdf/rbcs/v30n5/15.pdf
909 _a202311
_bLúcia
_c55
_dLúcia Elande
942 _2AGRIS
_n0
_cANA
999 _c238012
_d238012